Quiz Alphabet Martin - Statistiques

Statistiques générales
  • Ce quiz a été pris 9 fois
  • Le résultat moyen est 5 sur 26
Statistiques - réponses
Hint Réponse % Correct
N Se pratique dans l'eau mouillée Natation
89%
Q Le mien est de -23 QI
89%
I Ton application favorite Instagram
44%
G Le jet d'eau Geneve
33%
P Le monsieur qui s'occupe des pieds des enfants Pedologue
22%
U tu l'est totalement unique
22%
W James de son prénom ( me juge pas c'est dur W) Watt
22%
A MEILLEUR PERSONNAGE AU MONDE Abed
11%
B Se situe littéralement sur Yvette Bures
11%
C Ton domicile Chalet
11%
D Le tiens s'est totalement crashé dans un arbre en direct drone
11%
E c'est pour une film est la meilleure : excuse
11%
F Cacher la drogue dans des teeshirt ... Franceinter
11%
H Ton animal totem Hamster nain
11%
X Il s'aggira de trouver X il est la
11%
J Une innondation est l'ation de l'eau qui mouille je parle pour ne rien dire John
11%
K Se trouve toujours dans un ballon de football américain Kebab
11%
L Se situe dans ton congélateur Lierre
11%
M Nos tetes respectives sont cet objet melon
11%
O Animal ettonament mignon sans aucun rapport avec la choucroute Okapi
11%
R Cette phrase est : cherche chinois raciste
11%
S Format le plus approprié pour absorber un liquide shot
11%
T Disney Thomas
11%
V Rend le lait de soja une drogue Vanille
11%
Y Sorcière méchante dans Chihiro Yubaba
11%
Z Il est zen dans ma cuisine zebre
11%
Aucun quiz correspondant
Distribution des résultats
% des personnes avec chaque résultat
Percentile par nombre de réponses
Votre historique - résultats
Vous n’avez pas pris ce quiz